000 00276 a2200121 4500
001 155632
040 _cEscola São Tomás de Aquino
100 _aCUNHA, Leo
240 1 0 _aA menina e o céu
_lpor
245 1 0 _aA menina e o céu
697 _a*LITERATURA INFANTO
942 _cBK
999 _c155632
_d155632